Grass weeds in world agriculture : identification in the flowerless state /

Guardado en:
Autor Principal: Behrendt, Siegfried.
Formato: Libro
Idioma:English
Publicado: Ludwigshafen : BASF, 1979.
Etiquetas: Agregar Etiqueta
Sin Etiquetas, Sea el primero en etiquetar este registro!
LEADER 00463nam a22001335a 4500
001 EEA.libagro003014
005 20190704125835.0
008 130809s1979####gw#a##########000#0#eng#d
082 0 4 |a 632.58 
100 1 |a Behrendt, Siegfried. 
245 1 0 |a Grass weeds in world agriculture :  |b identification in the flowerless state /  |c Siegfried Behrendt. 
260 |a Ludwigshafen :  |b BASF,  |c 1979. 
300 |a 160 p. :  |b il. ;  |c 21 cm. 
859 |a AR-BbBCA  |b BIB. AGRONOMIA  |h 632.58  |i B421  |p 1981/0068